Spotrebiteľské preferencie pri výbere nákupného miesta v zložitej štruktúre mestského typu

Gespeichert in:
Bibliographische Detailangaben
1. Verfasser: Meteňko, Anton
Format: Buchkapitel
Sprache:Slowakisch
Tags: Tag hinzufügen
Keine Tags, Fügen Sie das erste Tag hinzu!

MARC

LEADER 00000nla$a2200000$$$4500
001 0122883
005 20240502083314.3
041 0 |a slo 
044 |a CZ 
245 1 0 |a Spotrebiteľské preferencie pri výbere nákupného miesta v zložitej štruktúre mestského typu  |c Anton Meteňko 
100 1 |a Meteňko, Anton